| 000 | 00697nam a2200193 i 4500 | ||
|---|---|---|---|
| 001 | 59855 | ||
| 003 | ES-MaACL | ||
| 005 | 20250811071123.0 | ||
| 007 | t| | ||
| 008 | 031031s1934 sp ||||1| spa d | ||
| 245 | 0 | 0 |
_aEscuela de estudios árabes de Granada _b: (Casa de Chapiz) : curso 1934-35. |
| 260 |
_aMadrid : _b[Estanislao Maestre], _c1934. |
||
| 300 |
_a23 p. ; _c20 cm. |
||
| 500 | _aPrecede al tít.: Ministerio de Instrucción Públicación y Bellas Artes. Universidad de Granada. | ||
| 710 | 1 |
_aEspaña. _bMinisterio de Instrucción Pública y Bellas Artes _9226896 |
|
| 710 | 2 |
_aUniversidad de Granada. _97176 |
|
| 852 |
_aES-MaACL _j1798-F-3 |
||
| 999 |
_c59855 _d59855 |
||